| 000 | 01757nam a2200385 a 4500 | ||
|---|---|---|---|
| 001 | ebr10514901 | ||
| 003 | CaPaEBR | ||
| 006 | m u | ||
| 007 | cr cn||||||||| | ||
| 008 | 110902s2012 txua sb 001 0 eng d | ||
| 010 | _z 2011036656 | ||
| 020 | _z9781593324919 (hbk. alk. paper) | ||
| 020 | _z9781593325091 (e-book) | ||
| 040 |
_aCaPaEBR _cCaPaEBR |
||
| 035 | _a(OCoLC)787842752 | ||
| 043 | _an-us--- | ||
| 050 | 1 | 4 |
_aLC146.6 _b.G37 2012eb |
| 082 | 0 | 4 |
_a373.12/9130973 _223 |
| 100 | 1 |
_aGasper, Joseph M., _d1980- |
|
| 245 | 1 | 0 |
_aDrug use and delinquency _h[electronic resource] : _bcauses of dropping out of high school? / _cJoseph M. Gasper. |
| 260 |
_aEl Paso : _bLFB Scholarly Pub. LLC, _c2012. |
||
| 300 |
_axiii, 205 p. : _bill. |
||
| 490 | 1 | _aCriminal justice : recent scholarship | |
| 504 | _aIncludes bibliographical references and index. | ||
| 505 | 0 | _aDrug use, delinquency, and dropout -- Causes of dropout -- Distinguishing causes from symptoms -- Explaining drug use, delinquency, and dropout -- Toward a theory of precocious development. | |
| 533 |
_aElectronic reproduction. _bPalo Alto, Calif. : _cebrary, _d2012. _nAvailable via World Wide Web. _nAccess may be limited to ebrary affiliated libraries. |
||
| 650 | 0 |
_aHigh school dropouts _xSocial conditions _zUnited States. |
|
| 650 | 0 |
_aHigh school dropouts _xDrug use _zUnited States. |
|
| 650 | 0 |
_aProblem youth _xDrug use _zUnited States. |
|
| 650 | 0 |
_aJuvenile delinquency _zUnited States. |
|
| 655 | 7 |
_aElectronic books. _2local |
|
| 710 | 2 | _aebrary, Inc. | |
| 830 | 0 | _aCriminal justice (LFB Scholarly Publishing LLC) | |
| 856 | 4 | 0 |
_uhttp://site.ebrary.com/lib/rucke/Doc?id=10514901 _zAn electronic book accessible through the World Wide Web; click to view |
| 999 |
_c122326 _d122326 |
||